Quizzes
Events
Quiz Creation
Community
Videos
Private Events
Remove Ads
Sign In
Join for FREE
Feedback
Dark Mode
Quiz Categories
Sports
Geography
Music
Movies
Television
Just For Fun
Miscellaneous
History
Literature
Language
Science
Gaming
Entertainment
Religion
Holiday
For Kids
Quiz Lab
Recent
Popular Today
Quiz Kudos Today
Editor Picks
Curator Picks
Quizzes by...
Day
Popularity
Type
Ratings
Length
Year
Community
Subscriptions
Recent Discussions
Orange Saloon
Badges
Playlists
Quests
Create
Leaderboards
Showdown
Live 5
Trivia Bingo
Activity
Puzzle Library
Sporcle Events
Private Events
Virtual Trivia
Globe League
Become a Host
Pub Owners
SporcleCon
Opinionation
Our Games
Videos
Blog
Mobile Apps
Partnerships
Remove Ads and Go Orange
Feedback
Miscellaneous
Crossword
General Knowledge
Baby Names
Logo
Food
Cars
Numbers
Grab Bag
University
College
Popular
Company
Slogans
Restaurants
Justice
Letter
Miscellaneous
Crossword
General Knowledge
Baby Names
Logo
Food
Cars
Numbers
Grab Bag
University
College
Popular
Company
Slogans
Restaurants
Justice
Letter
Random Quiz
Search Sporcle
×
Quiz Lab
Quiz Lab
Miscellaneous
Judaism
Type in answers that appear in a list
Type in answers that appear in a list
Classic
Best Score? Go Orange.
Famous Jews Stats
Can you name the famous Jews from the given clues?
By
WhereJaysHappen
10m
14 Questions
649 Plays
649 Plays
649 Plays
Comments
Comments
Give Quiz Kudos
Give Quiz Kudos
-
- Ratings
hide this ad
Replay
Link that replays current quiz
Next Quiz
Link to next quiz in quiz playlist
You Got
0%
They Got
Avg Score
41%
Avg Friend Score
Upgrade to see
Score Distribution
Jump to the score distribution portion of the page
Score
0/14
Timer
10:00
0
Plays Today
Clue
Jew
% Correct
Directed 'Indiana Jones' and 'E.T.'
Steven Spielberg
82.7%
Actor starring in 'Billy Madison' and 'Happy Gilmour'
Adam Sandler
79.2%
Stars in 'Sex and the City'
Sarah Jessica Parker
65.2%
Host of 'Deal or no Deal'
Howie Mandel
56.7%
Ferris in 'Ferris Bueller's Day off'
Matthew Broderick
54.7%
The 'Messiah'
Jesus Christ
45.6%
Hall of Fame MLB pitcher that played for the Dodgers
Sandy Koufax
45%
Clue
Jew
% Correct
Hosted the Oscars 8 times, the second most ever
Billy Crystal
44.5%
Voice of several Simpsons characters, including Apu and Dr. Nick
Hank Azaria
31.4%
Milwaukee Brewers outfielder
Ryan Braun
26.8%
He played the master in 'Kung Fu Panda'
Dustin Hoffman
17.7%
She is a singer and sings 'Happy Days are Here Again'
Barbra Streisand
15.1%
Directed 'Stand by Me'
Rob Reiner
14.9%
Montreal Canadiens star
Mike Cammalleri
4.8%
Quiz Playlist
Details
Report
Send in Message
Add To Playlist
Classic:
Type in answers that appear in a list
Last Updated: Feb 16, 2017
Quiz Scoreboard
CHALLENGE
Sign Up to Join the Scoreboard
Show All
Scores
Hide
Comments
May contain spoilers
Recently Published
NBA Finals Game Top Scorers (2010s)
by flibbidy
Sports
5m
Guess the 'R' Things in 3 Words
by MSUKent
Miscellaneous
3m
Actor to Badly Drawn Movie III
by MoMosMoProblems
Movies
5m
More to Explore
Quiz From the Vault
Featured Blog Post
Where Does Lost Luggage Go?
hide this ad
You Might Also Like...
Tags
Famous Quiz
Judaism Quiz
Jewish
Today's Top Quizzes in Miscellaneous
Browse Miscellaneous
hide this ad
Today's Top Quizzes in Judaism
Browse Judaism
Top Contributed Quizzes in Miscellaneous
1
The JOE quick-fire general knowledge quiz: Day 166
2
The JOE quick-fire general knowledge quiz: Day 165
3
Guess the 'S' Things in 3 Words
4
Guess the 'T' Things in 3 Words
5
Guess the 'V' Things in 3 Words
6
Guess the 'W' Things in 3 Words
7
Guess the 'Y' Things in 3 Words
8
Sporcle Acrostic Puzzle XXXV
9
The JOE quick-fire general knowledge quiz: Day 164
10
Sunday Crossword: Under the Bridge
Explore More
Trending Topics
Anime
Harry Potter
Disney
Kpop
Crossword
Marvel
NBA
The Office
Song
Pokémon
Puzzle
Soccer
WWE
Country
NFL
hide this ad
More By:
WhereJaysHappen
Quiz
Plays
Rating
Category
Featured
Created
Famous Jews
649
1.86
Miscellaneous
May 23, 2010
Sports Teams in Other Words
549
2.64
Sports
May 22, 2010
Movie by Characters
317
3.38
Movies
May 28, 2010
The Office Randoms
190
4.00
Television
Jun 25, 2010
Go to Creator's Profile
Score Distribution
Quiz Creator Spotlight
WhereJaysHappen
Follow
Send a Message
Quizzes Created
-
Created Quiz Play Count
-
More By This Creator
Popular Quizzes Today
1
Find the US States - No Outlines Minefield
2
Find the US States
3
The Countries of the World
4
10 Largest US States in Order
5
Find the Countries of Europe - No Outlines Minefield
6
US States
7
Guess the 'R' Things in 3 Words
8
NBA Finals Game Top Scorers (2010s)
More Miscellaneous Quizzes
'L' Sorting Gallery
Published
Trending Quizzes
First Name TV: Leading Men
Match the Book to the Film II
First Name TV: Leading Women Drama
Pick A Pair: Religious TV
Match the Book to the Film VI
Recently Updated
Women's Final Four Teams by Year
bhenderson79
Presidents Quartet II
eogle
Anything But Clue(do)
eogle
Anything But Oceanian Capitals
eogle
Anything But 7
eogle
Anything But Thing
eogle
Word Ladder: February 29
pecheneg
Song Title Questions
pecheneg
Women's NCAA Tournament #1 Seeds
pecheneg
Celebrity Mug Shots
pecheneg
Trending Topics
Kpop
Harry Potter
Crossword
Marvel
Disney
Anime
NBA
Puzzle
Soccer
The Office
NFL
Song
Pokémon
Country
WWE
Your Account Isn't Verified!
In order to create a playlist on Sporcle, you need to verify the email address you used during registration. Go to your
Sporcle Settings
to finish the process.
Report this User
Report this user for behavior that violates our
Community Guidelines
.
Details:
Send Report
Go to the Sporcle.com Mobile Site →
Comments